000 00286nam a2200097Ia 4500
001 1223077
005 20250827092900.0
008 250824s9999 xx 000 0 und d
245 0 _aNASRETTİN HOCA FIKRALARI BİLMECELER VE TEKERLEMELER
_cAYŞE ŞENGÜL
260 _bMAVİ ÇOCUK YAYINEVİ
999 _c1223077
_d1223077